000 00588cam a22002053a 4500
001 40491
003 PGUSA
005 20140828083914.0
008 120812s2012||||xxu|||||s|||||000 | eng d
040 _aPGUSA
_beng
042 _adc
100 1 _aDu Boisgobey, Fortuné,
_d1821-1891
245 1 4 _aThe Red Lottery Ticket
_h[electronic resource] /
_cFortuné Du Boisgobey
260 _bProject Gutenberg,
_c2012
506 _aPublic domain in the USA.
516 _aElectronic text
830 0 _aProject Gutenberg
_v40491
856 4 0 _uhttp://www.gutenberg.org/ebooks/40491
942 _cEB
999 _c269744
_d269744